[Event "Ukraine Chess Championship-2016 U12 (Boy"]
[Site "Bucha, Kyiv region"]
[Date "2016.05.26"]
[Round "10.6"]
[White "Bilych, Olexiy"]
[Black "Tarasenko, Vladislav"]
[Result "1/2-1/2"]
[WhiteElo "1886"]
[BlackElo "1838"]
[PlyCount "111"]
[EventDate "2016.05.18"]

1. e4 e5 2. Nf3 Nc6 3. Bb5 a6 4. Ba4 Nf6 5. O-O Be7 6. Re1 b5 7. Bb3 d6 8. c3
O-O 9. d4 Bg4 10. d5 Na5 11. Bc2 c6 12. h3 Bh5 13. dxc6 Qc7 14. Nbd2 Qxc6 15.
Nf1 h6 16. Ng3 Bg6 17. Nh4 Bh7 18. Nhf5 Qd7 19. Nh5 Nxh5 20. Qxh5 Bg6 21. Qg4
Rfd8 22. Be3 Nc4 23. b3 Bxf5 24. exf5 Nxe3 25. Rxe3 Bf6 26. Rd1 d5 27. Qf3 d4
28. Be4 Rac8 29. Red3 Rc7 30. g4 Qe7 31. Kg2 Rdc8 32. Rc1 Qa3 33. Rc2 Qa5 34.
Bb7 Rxc3 35. Rcd2 Rxd3 36. Qxd3 Rc3 37. Qe2 Rc7 38. Be4 Qb6 39. Rc2 Rc5 40. b4
Rc7 41. a3 Kf8 42. Bd5 Qd6 43. Be4 Ke7 44. Qd3 Bh4 45. Qb3 Rxc2 46. Qxc2 Qb6
47. Kf1 Qd6 48. Ke2 Kd7 49. Kd3 Qc7 50. Qxc7+ Kxc7 51. f3 Bg5 52. Kc2 Kb6 53.
Bd5 f6 54. Be4 Kc7 55. Bd5 $11 Kb6 56. Be4 1/2-1/2

[Event "Ukraine Chess Championship-2016 U12 (Boy"]
[Site "Bucha, Kyiv region"]
[Date "2016.05.27"]
[Round "11.1"]
[White "Tarasenko, Vladislav"]
[Black "Larkin, Vladislav"]
[Result "1/2-1/2"]
[WhiteElo "1838"]
[BlackElo "1915"]
[PlyCount "62"]
[EventDate "2016.05.18"]

1. e4 e5 2. Nf3 Nf6 3. Nxe5 d6 4. Nf3 Nxe4 5. Qe2 Qe7 6. d3 Nf6 7. Bg5 Nbd7 8.
Nc3 Qxe2+ 9. Bxe2 c6 10. O-O-O Be7 11. Rde1 O-O 12. Bd1 Bd8 13. Bf4 Bc7 14. Ne4
Nxe4 15. dxe4 Ne5 16. Nxe5 dxe5 17. Be3 Be6 18. c3 Rfd8 19. Bc2 Bb6 20. Bxb6
axb6 21. Bb3 Bxb3 22. axb3 Kf8 23. Kc2 Ke7 24. Rd1 Ke6 25. Rhe1 Kf6 26. Rxd8
Rxd8 27. Re3 Ke6 28. Rh3 h6 29. Rg3 Kf6 30. Rf3+ Ke6 $11 31. Rg3 Kf6 1/2-1/2

[Event "Ukraine Chess Championship-2016 U12 (Boy"]
[Site "Bucha, Kyiv region"]
[Date "2016.05.27"]
[Round "11.2"]
[White "Domalchuk-Jonasson, Aleksandr"]
[Black "Bilych, Olexiy"]
[Result "1/2-1/2"]
[WhiteElo "1496"]
[BlackElo "1886"]
[PlyCount "60"]
[EventDate "2016.05.18"]

1. d4 Nf6 2. c4 e6 3. Nc3 Bb4 4. e3 b6 5. Nge2 Ba6 6. Ng3 Bxc3+ 7. bxc3 d5 8.
Ba3 dxc4 9. e4 b5 10. Nh5 g6 11. Nxf6+ Qxf6 12. g3 Nc6 13. Bg2 O-O-O 14. O-O
Bb7 15. Qe2 g5 16. f4 gxf4 17. Rxf4 Qg6 18. Raf1 Rd7 19. Rg4 Qh6 20. e5 Rhd8
21. Rf6 Qh5 22. Bf3 b4 23. Rg7 Qh3 24. Bg2 Nxd4 25. Bxb7+ Kxb7 26. cxd4 bxa3
27. Qxc4 Rxd4 28. Qb5+ Kc8 29. Qa6+ Kb8 30. Qb5+ Kc8 $11 1/2-1/2

[Event "Ukraine Chess Championship-2016 U12 (Bo"]
[Site "Bucha"]
[Date "2016.05.27"]
[Round "11.1"]
[White "Bondar, Dmytro"]
[Black "Mitusov, Semen"]
[Result "1/2-1/2"]
[WhiteElo "1906"]
[BlackElo "1608"]
[PlyCount "77"]
[EventDate "2016.??.??"]

1. e4 e5 2. Nf3 Nc6 3. Bb5 a6 4. Ba4 Nf6 5. O-O Be7 6. Re1 b5 7. Bb3 O-O 8. h3
d6 9. c3 Na5 10. Bc2 c5 11. d4 Qc7 12. Nbd2 Rd8 13. Nf1 cxd4 14. cxd4 Bb7 15.
d5 Rac8 16. Bd3 Nd7 17. b3 Nc5 18. Be3 Nxd3 19. Qxd3 Ba8 20. Rac1 Qb8 21. Ng3
g6 22. Bd2 Nb7 23. b4 Rxc1 24. Rxc1 Rc8 25. Rc3 Nd8 26. Ne1 Bb7 27. Ne2 Rxc3
28. Qxc3 Qc8 29. Qxc8 Bxc8 30. Nd3 f5 31. f3 Nf7 32. Kf1 Kf8 33. Ke1 Ke8 34.
Kd1 Kd8 35. Kc2 Kc7 36. Kb3 Bg5 37. Bxg5 Nxg5 38. Nf2 fxe4 39. fxe4 $11 1/2-1/2

[Event "Ukraine Chess Championship-2016 U12 (Boy"]
[Site "Bucha, Kyiv region"]
[Date "2016.05.27"]
[Round "11.6"]
[White "Ovsepyan, Marat"]
[Black "Melkumiants, Alexandr"]
[Result "1/2-1/2"]
[WhiteElo "1832"]
[BlackElo "1822"]
[PlyCount "69"]
[EventDate "2016.05.18"]

1. e4 c5 2. Nc3 d6 3. f4 g6 4. Nf3 Bg7 5. Bc4 Nc6 6. O-O e6 7. d3 Nge7 8. Qe1
O-O 9. Bd2 a6 10. a4 Nb4 11. Bb3 Nec6 12. Be3 Na5 13. Qd2 Nxb3 14. cxb3 Nc6 15.
d4 b6 16. Rfd1 Bb7 17. d5 Na5 18. Qc2 Qe7 19. Bf2 exd5 20. exd5 Bc8 21. Re1 Qb7
22. Qd1 Bg4 23. Ne4 Qc7 24. Rb1 Rfe8 25. h3 Bf5 26. Nfd2 Rab8 27. Qf3 b5 28. g4
Bxe4 29. Nxe4 bxa4 30. bxa4 Qd7 31. b3 Rb4 32. f5 Qd8 $11 33. f6 Bf8 34. h4 Qb8
35. Nd2 $11 1/2-1/2